| 000 | 00898nam a2200145Ia 4500 | ||
|---|---|---|---|
| 008 | 231221s9999 xx 000 0 und d | ||
| 041 | _aEnglish | ||
| 082 | _aJNBT13-1264 | ||
| 100 | _aBhattacharjee B. Simon R M. Gangadharaiah, C. Karunakar, P. | ||
| 245 | 0 | _aChemogenomics Profiling Of Drug Targets Of Peptidoglycan Biosynthesis Pathway In Leptospira Interrogans By Virtual Screening Approaches | |
| 260 | _c2013 | ||
| 500 | _aChemogenomics Profiling Of Drug Targets Of Peptidoglycan Biosynthesis Pathway In Leptospira Interrogans By Virtual Screening Approaches Bhattacharjee B1, Simon RM, Gangadharaiah C, Karunakar P1. 1Department of Biotechnology, PES Institute of Technology, Bangalore, India J Microbiol Biotechnol. 2013 Jun 28; 23(6):779-84. | ||
| 650 | _aChemogenomics,Profiling,Drug,Targets,Peptidoglycan,Biosynthesis,Pathway,Leptospira,Interrogans,Virtual,Screening | ||
| 942 | _cIR | ||
| 999 |
_c233847 _d233847 |
||